| 000 | 00790nam a2200241 a 4500 | ||
|---|---|---|---|
| 003 | DO-SdBNP | ||
| 005 | 20220607103958.0 | ||
| 007 | ta | ||
| 008 | 220607b2013 dr ||||| |||| 00| 0 spa d | ||
| 020 | _a9789945074840 | ||
| 040 |
_aDO-SdBNP _bspa _cBNPHU |
||
| 082 | 4 | _222 | |
| 245 | 0 | 0 |
_aLegislación archivística dominicana 1847-2012 / _ccuidado de edición Ángel Hernández ; corrección Ángela Peña |
| 260 |
_aSanto Domingo : _bArchivo General de la Nación, _c2013. |
||
| 300 |
_a312 p. ; _c23 cm. |
||
| 490 | 1 |
_aArchivo General de la Nación _v190 |
|
| 590 | _aInventariado, 2022/BT | ||
| 700 | 1 |
_aHernández, Ángel, _eed. _911092 |
|
| 700 | 1 |
_aPeña, Ángela, _ecorre. _937722 |
|
| 830 |
_aArchivo General de la Nación _n190 _981796 |
||
| 910 | _aBtavárez | ||
| 942 |
_2ddc _cLBS1 |
||
| 999 |
_c51947 _d51947 |
||